000
00227nam a22000857a 4500
008
160708b xxu||||| |||| 00| 0 eng d
100
_9
2410
_a
Watterson, B
245
_a
The Days are Just Packed
260
_a
London
_b
Warner Book
_c
1993
999
_c
2085
_d
2085